| 000 | 00542nam a22002057a 4500 | ||
|---|---|---|---|
| 003 | NALT | ||
| 005 | 20240711145916.0 | ||
| 008 | s2012 eng d | ||
| 020 | _a9788120345829 | ||
| 040 | _aNALT | ||
| 041 | _aeng | ||
| 050 |
_aJF 1351 _bP34D 2012 |
||
| 100 | 1 |
_aPalekar, S.A. _933197 |
|
| 245 | 1 | 0 |
_aDevelopment administration / _cS.A. Palekar. |
| 260 |
_aNew Delhi : _bPHI Learning, _c2012. |
||
| 300 |
_a204 p. ; _b _c24 cm. |
||
| 650 | 0 |
_aDevelopment administration _933198 |
|
| 850 | _aNALT | ||
| 942 |
_cGB _2lcc |
||
| 999 |
_c73120 _d73120 |
||
| 998 |
_j104 _k นางสาวสายฝน ดีงาม |
||